000 00738nam a2200217Ia 4500
003 GCL
008 140319s9999 xx 000 0 ara d
040 _aGCL /
_cGCL
082 0 4 _a621.462 م ا
100 1 _aمحمد احمد قمر
245 1 0 _aالالكترونيات الصناعية وسائل التحريك الكهربى /
_cمحمد احمد قمر
260 _a[S.N] :
_bمنشاة المعارف الاسلامية ،
_c1990
300 _a580 ص
490 _a
650 0 4 _aالهندسة الالكترونية
650 0 4 _aالاجهزة الالكترونية
650 0 4 _aالدوائر الالكترونية
650 0 4 _aالالكترونات
650 0 4 _aالالكترونيات
942 _2ddc
_cBK
999 _c32994
_d32994